Cerimonie romane in onore dei Vasa di Polonia durante il regno di Ladislao IV (1632-1648)

Titel: Cerimonie romane in onore dei Vasa di Polonia durante il regno di Ladislao IV (1632-1648)
Verfasser:
In: ˜Dasœ Bild des Feindes, (2013), Seite 449-469, 20 Abb.
alle Artikel anzeigen
Veröffentlicht: 2013
Format: Aufsatz
Sprache: Italienisch
Kein Bild verfügbar
X
alg: 39279394
001A    $01999:11-11-16 
001B    $01999:22-05-21 $t21:48:44.000 
001D    $01999:11-11-16 
001U    $0utf8 
001X    $00 
002@    $0Aox 
003@    $0392793946 
007A    $0392793946 $aHEB 
007T    $0Herdc0102223m 
010@    $aita 
011@    $a2013 
021A    $aCerimonie romane in onore dei Vasa di Polonia durante il regno di Ladislao IV (1632-1648) 
028A    $BVerfasser $#Osecʹka-Samsonovič, Hanna $#Osiecka-Samsonowicz, Hanna Jadwiga $#Samsonowicz, Hanna Osiecka- $#Samsonowicz, Hanna $4aut $7133046362 $8Osiecka-Samsonowicz, Hanna$Z20./21. Jh. [Tp1] $9187604207 
031A    $h449-469, 20 Abb. $j2013 
039B    $aIn $8--Aau--. Das @Bild des Feindes. - Berlin : Mann, 2013. - 512 S.. - zahlr. Ill.. - ISBN 978-3-7861-2684-3 $x201300000000000551 $9320781607 
045F    $a390.09438 $eDDC23BSB 
045F/01 $a390 
045F/03 $g438 

lok: 39279394 78

exp: 39279394 78 1 #EPN
201B/01 $004-03-20 $t22:45:50.000 
201U/01 $0utf8 
203@/01 $0788904124 
208@/01 $a11-11-16 $be 
209A/01 $a/ $f000 $x00 
220C/01 $aTitelaufnehmer: pg 
220C/01 $aHerkunft: HI Marburg 
244Z/01 $2Trx $#Poola $#Lenkija $#Polija $#Polen Land $#Poland $#Lengyelország $#Poľsko $#Polsko $8--Trx--Polska$gkraj $x01 $9391345966 
244Z/01 $aGeschichte 1632-1648 $x02 
244Z/01 $#Wladislaw  IV. $#Wladislaus  IV. $#Władysław  $#Vladislaus  IV. $#Władisław  IV. $#Ladislaus  IV. $#Wladislaw  $#Wasa, Wladislaw $#Waza, Władysław $#Vladislaus  IV. $#Vladislaus  IV. $#Wladislaw  IV. $#Władysław  IV. $#Władisław Zygmunt  $#Vladislovas Vaza $#Władysław  IV $#Wladislaw  IV $#Ladislaus  IV $#Vladislaus  IV $#Władysław  $#Wladislaw  $#Waza, Władysław König von Polen $#Wasa, Wladislaw König von Polen $#Władysław  $#Wladislaw  $#Ladislaus  $#Vladislaus  $7118834657 $8--Tp1--$PWładysław$nIV.$lPolen, König$Z1595-1648 $x03 $9087175169 
244Z/01 $2Trx $8--Trx--Bella, Stefano della$Z1610-1664 $x04 $9390858439 
244Z/01 $2Trx $#rituaalid, poliitilised $#politiniai ritualai $#Rituals, political $#szertartások, politikai $#rytuały polityczne $#rituále politické $#rituály politické $#Zeremoniell $#Konfliktbeilegung $#ceremónie $#ceremonie $8--Trx--Rituale, politische $x05 $9391383655 
244Z/01 $2Trx $#pidustused $#šventės $#Celebrations $#ünnepek $#uroczystości $#slávnosti, sviatky $#slavnosti $8--Trx--Feste $x06 $939136636X 
244Z/01 $2Trx $8--Trx--Einzelbeiträge $x07 $9391384570 
245Z/01 $a11.02 $x01 
247C/01 $82080>Marburg/Lahn, Herder-Institut, Forschungsbibliothek, Bibliographieportal $9336309341
LEADER 00000caa a22000002c 4500
001 392793946
003 DE-603
005 20210522214844.0
007 tu
008 161111s2013 xx |||| | u00||u|ita c
035 |a (DE-599)HEB392793946 
040 |a DE-603  |b ger  |c DE-603  |d DE-603 
041 |a ita 
082 0 4 |8 1\u  |a 390.09438  |q DE-101  |2 23/BSB 
085 |8 1\u  |b 390 
085 |8 1\u  |z 2  |s 438 
100 1 |a Osiecka-Samsonowicz, Hanna  |d 20./21. Jh.  |e Verfasser  |4 aut  |0 (DE-603)187604207  |0 (DE-588)133046362  |2 gnd 
245 0 0 |a Cerimonie romane in onore dei Vasa di Polonia durante il regno di Ladislao IV (1632-1648) 
264 0 |c 2013 
773 0 8 |i In  |t ˜Dasœ Bild des Feindes  |d Berlin : Mann, 2013  |h 512 S., zahlr. Ill.  |z 9783786126843  |z 3786126844  |g (2013), Seite 449-469, 20 Abb.  |w (DE-603)320781607 
924 0 |9 2080  |a (DE-603)788904124  |b DE-2080  |c HES  |d d  |g /